Escritores y poetas de España

Uloženo v:
Podrobná bibliografie
Hlavní autor: Vossler, Carlos
Médium: Kniha
Jazyk:Undetermined
Vydáno: Buenos Aires, Argentina Espasa-Calpe 1947
Témata:
Tagy: Přidat tag
Žádné tagy, Buďte první, kdo vytvoří štítek k tomuto záznamu!

MARC

LEADER 00000nam a2200000Ia 4500
008 170316s9999 xx 000 0 und d
999 |c 25967  |d 25967 
040 |a cru BVZT 
090 |a 862 V-29e 
100 |a Vossler, Carlos 
245 |a Escritores y poetas de España 
260 |a Buenos Aires, Argentina 
260 |b Espasa-Calpe 
260 |c 1947 
300 |a 162 páginas 
650 |a LITERATURA ESPAÑOLA  |9 23 
942 |c 15 D  |h 862 V-29e  |2 z